Normal view
MARC view
Entry Personal Name
001 - CONTROL NUMBER
- control field: 50951
003 - CONTROL NUMBER IDENTIFIER
- control field: ARRUPE
005 - DATE AND TIME OF LATEST TRANSACTION
- control field: 20211103144046.0
008 - FIXED-LENGTH DATA ELEMENTS
- fixed length control field: 211103|| aca||aabn | a|a d
040 ## - CATALOGING SOURCE
- Original cataloging agency: ARRUPE
- Transcribing agency: ARRUPE
100 ## - HEADING--PERSONAL NAME
- Personal name: Mackean, Donald Gordon
670 ## - SOURCE DATA FOUND
- Source citation: Work cat.: (ARRUPE)1093: Mackean, Donald Gordon, Introduction to biology